000 00785nam a2200205 a 4500
001 000381711
003 AM-YeHGA
005 20250617132129.0
008 041112s1977 ||||||||||||||||||||rus d
040 _aAM-YeHGA
041 0 _arus
100 1 _aВащенко, Мария Акимова
245 1 0 _aПоражение нервной системы при гриппе и других респираторных вирусных инфекциях /
_cМ.А. Ващенко, Е.К. Тринус .
260 _aКиев :
_bЗдоров'я ,
_c1977 .
300 _a144 с.
440 0 _aБиблиотека практического врача
650 1 4 _aВирусные инфекции
700 1 _aТринус, Елена Кирилловна
090 _c147114
999 _c145729
_d145729